=LDR 00000nam 2200000 4500 =001 INLIS000000000008772 =005 20130612100612 =008 ***********************************Ind** =035 ##$$0010-061300000008772 =041 ##$$a Ind =082 ##$$a 912.598 =090 ##$$a 912.598, Ati =245 ##$$a Atlas Indonesia danSekitarnya untuk SD dan SLTP =260 ##$$a ...? $b Solo =300 ##$$a 48 hlm, ilus, 23 cm =650 ##$$a Atlas - Indonesia